Programas prácticos en pascal / (Registro nro. 8778)

Detalles MARC
000 -LEADER
fixed length control field 01392nam a2200349 4500
001 - CONTROL NUMBER
control field 0000018939
003 - CONTROL NUMBER IDENTIFIER
control field CO-CtgCURN
005 - DATE AND TIME OF LATEST TRANSACTION
control field 20250329174158.0
007 - PHYSICAL DESCRIPTION FIXED FIELD--GENERAL INFORMATION
fixed length control field ta
008 - FIXED-LENGTH DATA ELEMENTS--GENERAL INFORMATION
fixed length control field 160627s1983 000 0 eng d
020 ## - INTERNATIONAL STANDARD BOOK NUMBER
International Standard Book Number 9684515006
040 ## - CATALOGING SOURCE
Original cataloging agency CO-CtgCURN
Language of cataloging spa
Transcribing agency coctgcurn
082 0# - DEWEY DECIMAL CLASSIFICATION NUMBER
Classification number 001.6424
Item number S551p
100 1# - MAIN ENTRY--PERSONAL NAME
Personal name Davidson, Gregory.
245 10 - TITLE STATEMENT
Title Programas prácticos en pascal /
Statement of responsibility, etc. Gregory Davidson ; traducción Juan Manuel Sánchez Pérez.
260 ## - PUBLICATION, DISTRIBUTION, ETC.
Place of publication, distribution, etc. Madrid :
Name of publisher, distributor, etc. McGraw-Hill Interamericana,
Date of publication, distribution, etc. 1983.
300 ## - PHYSICAL DESCRIPTION
Extent 205 p. :
Other physical details diagrs., gráficas.
336 ## - CONTENT TYPE
Source rdacontent
337 ## - MEDIA TYPE
Source rdamedia
Media type term sin mediacion
Media type code n
338 ## - CARRIER TYPE
Source rdacarrier
Carrier type term volumen
Carrier type code nc
500 ## - GENERAL NOTE
General note Incluye apéndice: Recolección de las reglas.
500 ## - GENERAL NOTE
General note Traducción de la obra en ingles: Practical pascal programs.
505 8# - FORMATTED CONTENTS NOTE
Formatted contents note Factoriales.--Análisis de markov.--Renta media.-- Factoriales.-- Suma de potencias.-- Interés compuesto.-- Pascal.-- Lenguaje de programación
650 14 - SUBJECT ADDED ENTRY--TOPICAL TERM
Topical term or geographic name entry element Pascal (Lenguaje de programación)
650 14 - SUBJECT ADDED ENTRY--TOPICAL TERM
Topical term or geographic name entry element Programación (Computadores electrónicos)
650 14 - SUBJECT ADDED ENTRY--TOPICAL TERM
Topical term or geographic name entry element Procesamiento de datos.
650 14 - SUBJECT ADDED ENTRY--TOPICAL TERM
Topical term or geographic name entry element Lenguajes de programación (Computadores electrónicos)
700 1# - ADDED ENTRY--PERSONAL NAME
Personal name Sánchez Pérez, Juan Manuel,
Titles and other words associated with a name Traductor.
908 ## - PUT COMMAND PARAMETER (RLIN)
Put command parameter 160627
942 ## - ADDED ENTRY ELEMENTS (KOHA)
Koha item type Libros
Classification part 001.6424
Item part S551p
Source of classification or shelving scheme Dewey Decimal Classification
Existencias
Withdrawn status Lost status Source of classification or shelving scheme Damaged status Not for loan Collection Home library Current library Shelving location Date acquired Inventory number Total checkouts Full call number Barcode Date last seen Copy number Price effective from Koha item type Public note
    Dewey Decimal Classification     General Miguel Henríquez Castañeda Miguel Henríquez Castañeda General 03/29/2025 001508   001.6424 S551p 001508 03/29/2025 ej.1 03/29/2025 Libros 000-GENERA